| 000 | 01131nam a2200313 a 4500 | ||
|---|---|---|---|
| 001 | 36985 | ||
| 003 | BD-RjUL | ||
| 005 | 20211209052550.0 | ||
| 008 | 140929s1997 enkab b 001 0 eng | ||
| 020 | _a0851991424 (alk. paper) | ||
| 035 | _a(BD-RjUL)37087 | ||
| 040 |
_aDLC _cDLC _dDLC _dWaU _dDLC _dBD-RjUL _beng |
||
| 041 | _aeng | ||
| 082 | 0 | 0 |
_a631.523 _221 _bBIO 1997 |
| 245 | 0 | 0 |
_aBiotechnology and plant genetic resources : _bconservation and use / _cedited by J.A. Callow, B.V. Ford-Lloyd, and H.J. Newbury. |
| 260 |
_aWallingford, Oxon, UK ; _aNew York, NY, USA : _bCAB International, _cc1997. |
||
| 300 |
_axii, 308 p. : _bill., maps ; _c24 cm. |
||
| 504 | _aIncludes bibliographical references and index. | ||
| 650 | 0 |
_aGermplasm resources, Plant. _936079 |
|
| 650 | 0 |
_aPlant biotechnology. _9111637 |
|
| 650 | 0 |
_aGermplasm resources conservation. _9113004 |
|
| 700 | 1 |
_aCallow, J. A. _9113005 |
|
| 700 | 2 |
_aFord-Lloyd, Brian. _9113006 |
|
| 700 | 1 |
_aNewbury, H. J. _9113007 |
|
| 942 |
_2ddc _cBK |
||
| 999 |
_c36985 _d36985 |
||